Формализация процесса структуризации содержания обучения средствами дискретной математики; Инновационные технологии и экономика в машиностроении

Dettagli Bibliografici
Parent link:Инновационные технологии и экономика в машиностроении.— 2008.— С. 312-316
Autore principale: Маслов А. В. Анатолий Викторович
Lingua:russo
Pubblicazione: 2008
Soggetti:
Natura: MixedMaterials Capitolo di libro
KOHA link:https://koha.lib.tpu.ru/cgi-bin/koha/opac-detail.pl?biblionumber=161761

MARC

LEADER 00000naa2a2200000 4500
001 161761
005 20231031160021.0
035 |a (RuTPU)RU\TPU\book\175415 
090 |a 161761 
100 |a 20090613d2008 k y0rusy50 ca 
101 0 |a rus 
102 |a RU 
200 1 |a Формализация процесса структуризации содержания обучения средствами дискретной математики  |f А. В. Маслов 
320 |a Библиогр.: 7 назв. 
463 0 |0 (RuTPU)RU\TPU\book\164827  |t Инновационные технологии и экономика в машиностроении  |o труды VI Всероссийской научно-практической конференции с международным участием, 15-16 мая 2008 года, Юрга  |f Томский политехнический университет (ТПУ), Юргинский технологический институт (ЮТИ)  |v С. 312-316  |d 2008  |p 479 с. 
610 1 |a обучение 
610 1 |a структуризация 
610 1 |a дискретная математика 
610 1 |a процессинг 
610 1 |a формализация 
610 1 |a формализованные структуры 
610 1 |a понятия 
610 1 |a взаимосвязи 
610 1 |a труды учёных ТПУ 
700 1 |a Маслов  |b А. В.  |c доцент, кандидат технических наук  |c Юргинский технологический институт(филиал) Томского политехнического университета  |g Анатолий Викторович  |2 stltpush  |3 (RuTPU)RU\TPU\pers\24268 
801 1 |a RU  |b 63413507  |c 20090613  |g PSBO 
801 2 |a RU  |b 63413507  |c 20090613  |g PSBO 
942 |c BK